Tables of spectral lines of neutral and ionized atoms (Record no. 4894)
[ view plain ]
| 000 -LEADER | |
|---|---|
| fixed length control field | 00574nam a2200181Ia 4500 |
| 003 - CONTROL NUMBER IDENTIFIER | |
| control field | IN-BaIIA |
| 008 - FIXED-LENGTH DATA ELEMENTS--GENERAL INFORMATION | |
| fixed length control field | 211028s9999 xx 000 0 eng d |
| 040 ## - CATALOGING SOURCE | |
| Transcribing agency | IIA Library |
| 080 ## - UNIVERSAL DECIMAL CLASSIFICATION NUMBER | |
| Universal Decimal Classification number | 083.3:524.3.335.3 |
| Item number | STR |
| 100 ## - MAIN ENTRY--PERSONAL NAME | |
| Personal name | Striganov, A. R |
| 9 (RLIN) | 8763 |
| 245 #0 - TITLE STATEMENT | |
| Title | Tables of spectral lines of neutral and ionized atoms |
| Statement of responsibility, etc. | A. R. Strignaov and N. S. Sventitskii |
| 260 ## - PUBLICATION, DISTRIBUTION, ETC. | |
| Place of publication, distribution, etc. | New York |
| Name of publisher, distributor, etc. | Plenum Press |
| Date of publication, distribution, etc. | 1968 |
| 300 ## - PHYSICAL DESCRIPTION | |
| Extent | xi, 899p. |
| 650 ## - SUBJECT ADDED ENTRY--TOPICAL TERM | |
| Topical term or geographic name entry element | Tables - Spectra |
| 9 (RLIN) | 8764 |
| 650 ## - SUBJECT ADDED ENTRY--TOPICAL TERM | |
| Topical term or geographic name entry element | Astronomy and astrophysics thesaurus |
| 9 (RLIN) | 1143 |
| 700 ## - ADDED ENTRY--PERSONAL NAME | |
| Personal name | Sventitskii, N. S. |
| 9 (RLIN) | 8765 |
| 942 ## - ADDED ENTRY ELEMENTS (KOHA) | |
| Koha item type | Books |
| 952 ## - LOCATION AND ITEM INFORMATION (KOHA) | |
| -- | 75.00 |
| Withdrawn status | Lost status | Damaged status | Not for loan | Home library | Current library | Shelving location | Date acquired | Total Checkouts | Full call number | Barcode | Date last seen | Price effective from | Koha item type |
|---|---|---|---|---|---|---|---|---|---|---|---|---|---|
| IIA Library-Bangalore | IIA Library-Bangalore | General Stacks | 13/07/1976 | 083.3:524.3.335.3/ STR | 5477 | 05/11/2021 | 13/07/1976 | Books |